Pokemon - Sol - Statistiques

Statistiques générales
  • Ce quiz a été pris 13 fois
  • Le résultat moyen est 16 sur 20
Statistiques - réponses
Questions vibrantes Brrrr Brrrr % Correct
Starter pouvant Méga-évoluer Laggron
100%
Objet permettant d'être immuniser des attaques sol mais disparait avec des dégats direct Ballon
91%
Chef de la Team Rocket Giovanni
91%
Attaque baissant la précision Jet de sable
91%
Attaque à 100 point de puissance pouvant toucher toutes les cibles Séisme
91%
Il est seul puis devient trois Taupiqueur
91%
Attaque qui permet de se cacher dans le sol Tunnel
91%
Attaque dont la puissance peut varier entre 4 et 10 Ampleur
82%
Peut évoluer qu'en apprenant Pouvoir antique Cochignon
82%
Talent immunisant contre les attaques sol Lévitation
82%
Objet permettant de faire évoluer Onix Peau métal
82%
Je peux venir d'orient ou d'occident Tritosor
82%
Force de la nature de ce type Démétéros
73%
Fléau de ce type Dinglu
73%
Seul pokemon de type combat-sol Fort-Ivoire
73%
Objet permettant d'augmenter les attaques de type sol Sable doux
73%
Je suis une petite toupie Balbuto
64%
Membre du conseil 4 de Sinnoh Terry
64%
Objet permettant de déclencher la Primo-Résurgence d'un certain pokemon Gemme Rouge
55%
Je prends le double type acier-sol dans une certaine région Limonde de Galar
36%
Aucun quiz correspondant
Distribution des résultats
% des personnes avec chaque résultat
Percentile par nombre de réponses
Votre historique - résultats
Vous n’avez pas pris ce quiz